000 01215namaa22003251i 4500
003 EG-GICUC
005 20260303103437.0
008 260303s2005 gr ||||jr|||| 000 0 ara d
040 _aEG-GiCUC
_bara
_cEG-GiCUC
_dEG-GiCUC
_erda
041 _aara
_afre
043 _af----ae
082 0 4 _221
_a909.0965
_bH6767
092 0 4 _221
_a909.0965
_bH6767
099 _a909.0965 H6767
100 1 _eمؤلف.
245 _aحوار الحضارات تحالف الحضارات /
_cاسهامات الرئيس عبد العزيز بوتفليقة
264 _aالجزائر :
_bرئاسة الجمهورية،
_c2005.
300 _a101،104 صفحة ؛
_c24 سم
336 _2rdacontent
_atext
337 _2rdamedia
_aUnmediated
338 _2rdacarrier
_avolume
500 _aالنص بلغتين العربية والفرنسية
541 _aد. جابر عصفور ؛
_bالقاهرة ؛
_cإهداء ؛
_d2024.
600 _aبوتفليقة، عبد العزيز
650 1 _aالحضارة
_yالقرن الحادى والعشرين
_2qrmak
651 1 _2qrmak
_aالجزائر
_xحضارة
700 1 _aبوتفليقة، عبد العزيز
_eمعد.
905 _aNermeen
942 _2ddc
_cBK
_e21
_n0
999 _c178824
_d178824